| 000 | 00636nam a2200229Ia 4500 | ||
|---|---|---|---|
| 003 | OSt | ||
| 005 | 20220928121356.0 | ||
| 006 | a|||||r|||| 00| 0 | ||
| 007 | ta | ||
| 008 | 220927b |||||||| |||| 00| 0 eng d | ||
| 024 | _a26335 | ||
| 037 | _cReference Collections | ||
| 040 |
_aSDCL _cSDCL _beng |
||
| 041 |
_2eng _aeng |
||
| 082 | _aUk1,N, L9 RR | ||
| 100 |
_aShowers Victor _9451717 |
||
| 245 | 0 | _aWorld facts and figures. | |
| 260 |
_aNew York _b John Willey & Sons _c1979 |
||
| 300 |
_axii,757p. _ccm. |
||
| 942 |
_hUk1,N, L9 RR _cREF _2CC |
||
| 999 |
_c765747 _d765747 |
||